01400nam a2200265 a 450000100100000000500170001000800410002702000180006804000250008608200200011110000650013124500570019626000520025330000200030550000640032559000280038965000290041765000310044695201330047795201330061095201330074395201180087695201230099499900170111700001474620240412074241.0100120s2007 dr 001 j spa d a9789945420340 aDO-SdBNPbspacBNPHU aRD863.44bA347p1 aAlcántara Fernández, Orlando,d1962-c(Cristorly)93343110aPor nuestro bien /cOrlando Alcántara Fernández. aSan Francisco de Macorís :bRumbo Sur,c2007. a95 p. ;c18 cm. aIncluye datos biográficos del autor en la contracubierta. aInventariado, 2019 / DG 0aCuentos dominicanos9176 0aLiteratura dominicana.967 001054708DSaGRbGRcCTd2010-01-20iLF1l0oRD863.44 A347pp14746-30r2020-06-25te. 3w2020-06-25yLFDSZPréstamo en sala 001054708DSaGRbGRcCTd2010-01-20iLF1l0oRD863.44 A347pp14746-40r2020-06-25te. 4w2020-06-25yLFDSZPréstamo en sala 001054708DSaGRbGRcCTd2010-01-20iLF1l0oRD863.44 A347pp14746-50r2020-06-25te. 5w2020-06-25yLFDSZPréstamo en sala 0010718PDaPDbPDcCTd2010-01-20iLF1l0oRD863.44 A347pp14746-10r2020-06-25w2020-06-25yLFPDZNo se presta 0010718PDaPDbPDcCTd2010-01-20iLF1l0oRD863.44 A347pp14746-20r2020-06-25te.2w2020-06-25yLFPDZNo se presta c14329d14329